| 000 | 00561nam a22001817a 4500 | ||
|---|---|---|---|
| 008 | 230612b |||||||| |||| 00| 0 eng d | ||
| 020 | _a0-87279-667-1 | ||
| 040 |
_aNational Science Library _cNational Science Library |
||
| 080 |
_aR 524.6/.7(084.4) _bN4.1 |
||
| 100 | 1 |
_aSandage, Allan _97442 |
|
| 245 | _aCarnegie atlas of galaxies | ||
| 260 |
_aWashington, D.C.: _bCarnegie Institution of Washington, _c1994 |
||
| 500 | _aVol. 1 (ISBN: 0-87279-667-1) | ||
| 650 | _aAstronomy | ||
| 653 | _aAtlas | ||
| 700 | _aBedke, John (Ed.) | ||
| 942 |
_2udc _cREF |
||
| 999 |
_c42450 _d42450 |
||